| 000 | 00867nam a2200301Ia 4500 | ||
|---|---|---|---|
| 001 | 92390 | ||
| 003 | IT-RoPAU | ||
| 008 | 130308s9999 xx 000 0 und d | ||
| 040 | _aIT-RoPAU | ||
| 040 | _cIT-RoPAU | ||
| 041 | _aSPAGNOLO | ||
| 100 | _aUngaro Joseph M. | ||
| 100 | _gCodice Aut. SPICS: 32349 | ||
| 245 | _aAnalisis de un sistema de compaginacion | ||
| 245 | _bDiseno Y remodelacion de Periodicos | ||
| 250 | _a1a ed. | ||
| 260 | _aPAMPLONA | ||
| 260 | _bUniversidad De Navarra | ||
| 260 | _c1984 [1° Ed.:1984 - Ed.Ling.Originale:1981] | ||
| 300 | _a"5 p. (prefazione: no ; testo: 5 [pagine: 279-283])" | ||
| 500 | _aAnalisi di un Sistema D'Impaginazione impaginazione Tramite Computer | ||
| 650 | _aREGIA DELLA STAMPA DI MASSA | ||
| 650 | _eCodice materia Spics: 6653 | ||
| 942 | _cBK | ||
| 957 | _71 | ||
| 999 |
_c49631 _d49631 |
||
| 999 | _bSI | ||
| 999 | _g1 | ||